[Event "AUTO-OPEN-2329"]
[Site "http://www.queenalice.com/game.php?id=924654"]
[Date "2011.4.11"]
[Round "1"]
[White "jbumgarjr"]
[Black "Montfort83"]
[Result "0-1"]
[WhiteElo "1380"]
[BlackElo "1643"]

1. d4 e6 2. e4 d5 3. e5 c5 4. c3 Nc6 5. Bb5 Bd7 6. Nf3 Nxe5 7. a4 Nxf3+ 8. Qxf3
Nf6 9. Bg5 Be7 10. Na3 cxd4 11. cxd4 Bxa3 12. Bxd7+ Kxd7 13. Qxa3 Qa5+ 14. Kd1
Ne4 15. Qe7+ Kc6 16. Rc1+ Kb6 17. Qc7+ Ka6 18. Qxa5+ Kxa5 19. Bd2+ Kxa4 20. Ra1+
Kb3 21. Be3 Rhc8 22. Rc1 Kxb2 23. Ke2 Nc3+ 24. Kd3 Na2 25. Rhe1 Nxc1+ 0-1

[Event "AUTO-OPEN-2329"]
[Site "http://www.queenalice.com/game.php?id=924655"]
[Date "2011.4.11"]
[Round "1"]
[White "Montfort83"]
[Black "jbumgarjr"]
[Result "0-1"]
[WhiteElo "1637"]
[BlackElo "1355"]

1. c4 Nf6 2. Nc3 Nc6 3. Nf3 e5 4. g3 d5 5. cxd5 Nxd5 6. Bg2 Bg4 7. O-O Nxc3 8.
bxc3 Qd7 9. Rb1 Bh3 10. Rxb7 Bd6 11. Qa4 O-O 12. Bxh3 Qxh3 13. Qxc6 h6 14. e4 f5
15. d3 f4 16. Qd5+ Kh7 17. Bd2 fxg3 18. fxg3 Qg4 19. Nh4 Rxf1+ 20. Kxf1 Qd1+ 21.
Be1 Rf8+ 22. Nf5 Qf3+ 23. Bf2 Rxf5 0-1

[Event "AUTO-OPEN-2329"]
[Site "http://www.queenalice.com/game.php?id=924674"]
[Date "2011.4.11"]
[Round "1"]
[White "Rubens2009"]
[Black "Montfort83"]
[Result "0-1"]
[WhiteElo "1874"]
[BlackElo "1639"]

1. e4 e6 2. d4 d5 3. e5 c5 4. Be3 Nc6 5. c3 cxd4 6. cxd4 Nge7 7. Nf3 Nf5 8. Bb5
Nxe3 9. fxe3 Be7 10. O-O Bd7 11. Nc3 Bb4 12. a3 Bxc3 13. bxc3 Nxe5 14. Be2 Nxf3+
15. Rxf3 Qa5 16. Qc1 Rc8 17. c4 dxc4 18. Rg3 g6 19. Qf1 c3 20. Qf6 O-O 21. h4 c2
22. Qf1 Qd2 23. Rc1 Rc3 24. h5 Rxe3 25. Rxe3 Qxe3+ 26. Kh1 Ba4 27. hxg6 fxg6 28.
Qe1 Rf4 29. Bf3 Rh4+ 30. Qxh4 Qxc1+ 31. Kh2 Qxa3 32. Qe4 Qd6+ 33. g3 c1=Q 34.
Qxb7 Qcc7 35. Qxc7 Qxc7 0-1

[Event "AUTO-OPEN-2329"]
[Site "http://www.queenalice.com/game.php?id=924675"]
[Date "2011.4.11"]
[Round "1"]
[White "Montfort83"]
[Black "Rubens2009"]
[Result "0-1"]
[WhiteElo "1683"]
[BlackElo "1849"]

1. c4 e5 2. Nc3 Nf6 3. Nf3 Bc5 4. d3 Nc6 5. g3 d5 6. cxd5 Nxd5 7. Bg2 Be6 8. O-O
O-O 9. Qc2 Ncb4 10. Qd1 f6 11. a3 Nxc3 12. bxc3 Nc6 13. Rb1 Rb8 14. Qc2 Qe7 15.
d4 exd4 16. cxd4 Bxd4 17. Nxd4 Nxd4 18. Qb2 c5 19. Bf4 Rbd8 20. Qxb7 Qxb7 21.
Rxb7 Bc4 22. Rc1 Nxe2+ 23. Kh1 Nxc1 24. Bf3 Nd3 25. Be3 Ne5 26. Be4 Bd5 27.
Bxd5+ Rxd5 28. Rxa7 Rc8 29. a4 c4 30. a5 Nc6 31. Ra6 Rxa5 32. Rb6 c3 33. Rb1 c2
34. Rc1 Nb4 35. Bd2 Ra4 36. Kg2 Nd3 37. Rxc2 Rxc2 38. Be3 Re4 39. h4 Rxe3 40. g4
Rxf2+ 41. Kg1 Re1# 0-1

[Event "AUTO-ADV-2127"]
[Site "http://www.queenalice.com/game.php?id=925971"]
[Date "2011.4.14"]
[Round "1"]
[White "Tasjunior"]
[Black "Montfort83"]
[Result "0-1"]
[WhiteElo "1627"]
[BlackElo "1526"]

1. c4 Nf6 2. Nc3 Nc6 3. g3 b6 4. Bg2 Bb7 5. e3 e6 6. Nf3 Bb4 7. O-O O-O 8. a3
Bxc3 9. bxc3 Qe7 10. d3 d6 11. Rb1 e5 12. Re1 Rad8 13. Bb2 Nb8 14. Re2 Nbd7 15.
Nxe5 Nxe5 16. Bxb7 c6 17. Ba6 Qe6 18. f4 Nf3+ 19. Kg2 Nh4+ 0-1

[Event "AUTO-ADV-2127"]
[Site "http://www.queenalice.com/game.php?id=925972"]
[Date "2011.4.14"]
[Round "1"]
[White "Montfort83"]
[Black "Tasjunior"]
[Result "1-0"]
[WhiteElo "1546"]
[BlackElo "1607"]

1. c4 c5 2. Nc3 Nc6 3. Nf3 g6 4. g3 Bg7 5. Bg2 e6 6. O-O Nge7 7. e4 O-O 8. a3 d6
9. d3 f5 10. Bg5 Qb6 11. Rb1 h6 12. Be3 Nd4 13. Bxd4 cxd4 14. Na4 Qa6 15. b4
fxe4 16. dxe4 Qxc4 17. Nb2 Qc3 18. Qe2 Qxa3 19. Nc4 1-0

[Event "AUTO-ADV-2127"]
[Site "http://www.queenalice.com/game.php?id=925987"]
[Date "2011.4.14"]
[Round "1"]
[White "Liammason"]
[Black "Montfort83"]
[Result "1-0"]
[WhiteElo "1443"]
[BlackElo "1564"]

1. e4 e6 2. d4 d5 3. e5 c5 4. Bb5+ Bd7 5. a4 a6 6. Bxd7+ Qxd7 7. c3 Nc6 8. Be3
c4 9. Nf3 Nge7 10. O-O Nf5 11. Qe2 Be7 12. Nbd2 O-O 13. g4 Nh4 14. Nxh4 Bxh4 15.
Nf3 Qe7 16. Nxh4 Qxh4 17. f3 f5 18. Qg2 f4 19. Bf2 1-0

[Event "AUTO-ADV-2127"]
[Site "http://www.queenalice.com/game.php?id=925988"]
[Date "2011.4.14"]
[Round "1"]
[White "Montfort83"]
[Black "Liammason"]
[Result "0-1"]
[WhiteElo "1543"]
[BlackElo "1464"]

1. c4 e5 2. Nc3 Bb4 3. Nf3 Bxc3 4. bxc3 Nc6 5. g3 d6 6. Bg2 Be6 7. d3 Nf6 8. O-O
Qd7 9. Rb1 b6 10. Qa4 O-O 11. Ng5 Nd4 12. Qxd7 Nxe2+ 13. Kh1 Bxd7 14. Bxa8 Nxc1
15. Bf3 Nxd3 16. Ne4 Nxe4 17. Bxe4 Nc5 18. Bc2 Bh3 19. Rfe1 f5 0-1

[Event "AUTO-ADV-2127"]
[Site "http://www.queenalice.com/game.php?id=925999"]
[Date "2011.4.14"]
[Round "1"]
[White "Montfort83"]
[Black "ThiagoTanaka"]
[Result "0-1"]
[WhiteElo "1524"]
[BlackElo "1879"]

1. c4 c6 2. Nc3 d5 3. cxd5 cxd5 4. Nf3 Bf5 5. d4 Nc6 6. Qb3 Nf6 7. Qxb7 Rc8 8.
e3 Rc7 9. Ne5 Rxb7 10. Be2 Nxe5 11. dxe5 Ne4 0-1

[Event "AUTO-ADV-2127"]
[Site "http://www.queenalice.com/game.php?id=926000"]
[Date "2011.4.14"]
[Round "1"]
[White "ThiagoTanaka"]
[Black "Montfort83"]
[Result "1-0"]
[WhiteElo "1881"]
[BlackElo "1522"]

1. d4 e6 2. Nf3 Nf6 3. Nc3 Bb4 4. Bd2 Nc6 5. e3 O-O 6. Bd3 b6 7. a3 Bxc3 8. Bxc3
Bb7 9. O-O Ne7 10. Ne5 d6 11. Ng4 1-0

[Event "AUTO-ADV-2134"]
[Site "http://www.queenalice.com/game.php?id=928573"]
[Date "2011.4.21"]
[Round "1"]
[White "chesspsico2"]
[Black "Montfort83"]
[Result "1-0"]
[WhiteElo "2010"]
[BlackElo "1657"]

1. e4 e6 2. d4 d5 3. Nd2 dxe4 4. Nxe4 Nd7 5. Nf3 Ngf6 6. Nxf6+ Nxf6 7. a3 Bd6 8.
Bd3 O-O 9. O-O b6 10. Be3 Bb7 11. h3 Ne4 12. Qe2 f5 13. Nd2 1-0

[Event "AUTO-ADV-2134"]
[Site "http://www.queenalice.com/game.php?id=928574"]
[Date "2011.4.21"]
[Round "1"]
[White "Montfort83"]
[Black "chesspsico2"]
[Result "0-1"]
[WhiteElo "1655"]
[BlackElo "2012"]

1. c4 c5 2. Nf3 Nc6 3. Nc3 e6 4. g3 Nf6 5. Bg2 Be7 6. O-O O-O 7. d3 d6 8. Bg5 a6
9. a3 Bd7 10. Rb1 Rc8 11. b4 cxb4 0-1